Gray repaso de anatomía : preguntas y respuestas /

Libro de repaso que incluye: 1) El cuerpo; 2) La región dorsal del tronco; 3) Tórax; 4) Abdomen; 5) Pelvis y periné; 6) Extremidad inferior; 7) Extremidad superior; 8) Cabeza y cuello.

Gorde:
Xehetasun bibliografikoak
Beste egile batzuk: Loukas, Marios (autor) (autor)
Formatua: Liburua
Hizkuntza:gaztelania
Argitaratua: Barcelona, España : Elsevier, 2010, c2010
Gaiak:
Etiketak: Etiketa erantsi
Etiketarik gabe, Izan zaitez lehena erregistro honi etiketa jartzen!

MARC

LEADER 00000nam^a2200000^a^4500
001 000320275
005 20250521000000.0
009 20260310113507.07
020 |a 978-84-8086-688-0 
037 |a Acervo ITESO - Biblioteca 
041 |a ESP 
082 |a 612.  |b GRA REP 
245 0 0 |a Gray repaso de anatomía :  |b preguntas y respuestas /  |c M. Loukas... [et al.]. 
264 4 |a Barcelona, España :  |b Elsevier,  |c 2010, c2010 
300 |a XI, 269 p. 
336 |a texto  |b txt  |2 rdacontenido 
337 |a sin mediación  |b n  |2 rdamedio 
338 |a volumen  |b nc  |2 rdasoporte 
500 |a Traducción de: Gray's Anatomy Review 
520 |a Libro de repaso que incluye: 1) El cuerpo; 2) La región dorsal del tronco; 3) Tórax; 4) Abdomen; 5) Pelvis y periné; 6) Extremidad inferior; 7) Extremidad superior; 8) Cabeza y cuello. 
649 |a XX 
650 |a Cuerpo Humano 
650 |a Anatomía Humana -  |x Tema Principal 
650 |a Anatomía 
650 |a Ciencias Médicas 
700 |a Loukas, Marios  |e (autor) 
910 |a Fondo General 
920 |a Impresos - Libros 
930 |a Colección General 
905 |a 101 
901 |a 0500207308  |b IT1  |c ACC  |i C131481  |u 20250521 
902 |a https://opac.biblio.iteso.mx/vufind/Record/000320275